000 00728nam a2200265Ia 4500
003 OSt
005 20220918212342.0
006 a|||||r|||| 00| 0
007 ta
008 220917b |||||||| |||| 00| 0 eng d
024 _a128,549
037 _cTextual
040 _aARTS
_cARTS
_beng
041 _2eng
_aeng
082 _aW95, L8
100 _aClaessen Henri J M Ed
_9123546
245 0 _aEarly state
260 _aHague,
_bMouton Publishers
_c1978
300 _axii, 689p.
_ccm.
490 _aStudies in the social sciences; 32
650 _aPOLITICAL SCIENCE
700 _a Skalnik Peter
_9123547
942 _hW95, L8
_cTEXL
_2CC
999 _c251687
_d251687